Doce Meses En Quince Segundos - Estadísticas

Estadísticas generales
  • Esta prueba ha sido intentada 143 veces
  • La puntuación promedio es 8 de 12
Estadísticas de respuestas
Respuesta % Correcto
Enero
100%
Febrero
100%
Abril
94%
Marzo
94%
Mayo
92%
Junio
84%
Julio
80%
Agosto
63%
Septiembre
51%
Octubre
37%
Noviembre
31%
Diciembre
16%
No se encontraron pruebas coincidentes
Distribución de puntuación
Porcentaje de gente con cada puntuación
Porcentaje por número respondido
Historial de tus puntuaciones
No has intentado esta prueba.